Tô màu đồ thị và ứng dụng giải toán sơ cấp

Đại cương về đồ thị. Tô màu đồ thị. Ứng dụng của tô màu đồ thị

Na minha lista:
Detalhes bibliográficos
Autor principal: Lê Đinh Thị Thân
Outros Autores: Trần Quốc Chiến PGS.TS (Hướng dẫn)
Formato: Livro
Idioma:Vietnamese
Publicado em: Đà Nẵng Đại học Đà Nẵng 2008
coleção:Luận văn Thạc sĩ. Chuyên ngành: Phương pháp toán sơ cấp. Mã số: 60.46.40
Assuntos:
Tags: Adicionar Tag
Sem tags, seja o primeiro a adicionar uma tag!
Thư viện lưu trữ: Mạng thư viện Đại học Đà Nẵng
LEADER 01400nam a2200361 4500
001 000010248
003 6450
005 20120305080312.0
008 111212s2008 viesd
041 |a vie 
072 |a Luận văn Thạc sĩ Khoa học 
082 |a 511.5  |b LÊ-T 
100 |a Lê Đinh Thị Thân 
245 |a Tô màu đồ thị và ứng dụng giải toán sơ cấp  |c Lê Đinh Thị Thân 
260 |a Đà Nẵng  |b Đại học Đà Nẵng  |c 2008 
300 |a 62 tr.  |c 29 cm 
490 |a Luận văn Thạc sĩ. Chuyên ngành: Phương pháp toán sơ cấp. Mã số: 60.46.40 
520 |a Đại cương về đồ thị. Tô màu đồ thị. Ứng dụng của tô màu đồ thị 
653 |a Đồ thị 
653 |a Tô màu đồ thị 
653 |a Luận văn Thạc sĩ Toán sơ cấp 
653 |a Toán học 
700 |a Trần Quốc Chiến  |c PGS.TS  |e Hướng dẫn 
OWN |a LSP 
AVA |a UDN50  |b LSP  |d 511.5 LÊ-T  |e available  |t Error 5001 Not defined in file expand_doc_bib_avail.  |f 1  |g 0  |h N  |i 0  |k 1 
999 |a From the UDN01 
AVA |a UDN50  |b LSP  |d 511.5 LÊ-T  |e available  |t Error 5001 Not defined in file expand_doc_bib_avail.  |f 1  |g 0  |h N  |i 0  |k 1 
TYP |a Monograph 
TYP |a Printed language 
980 |a Mạng thư viện Đại học Đà Nẵng